Cómputo de votos y declaratorias de elección para presidente y vicepresidentes, diputados a la Asamblea Legislativa, regidores y síndicos municipales. Elecciones del 7 de febrero de 1994 /
Gespeichert in:
| Körperschaft: | |
|---|---|
| Format: | Text |
| Schlagworte: | |
| Tags: |
Tag hinzufügen
Keine Tags, Fügen Sie den ersten Tag hinzu!
|
MARC
| LEADER | 00000 a a2200000 04500 | ||
|---|---|---|---|
| 001 | 42798 | ||
| 003 | |||
| 040 | |||
| 110 | |a Costa Rica. Tribunal Supremo de Elecciones | ||
| 245 | |a Cómputo de votos y declaratorias de elección para presidente y vicepresidentes, diputados a la Asamblea Legislativa, regidores y síndicos municipales. Elecciones del 7 de febrero de 1994 / |c Tribunal Supremo de Elecciones de Costa Rica | ||
| 650 | |a COSTA RICA | ||
| 650 | |a ELECCIONES | ||
| 650 | |a VOTACION | ||
| 650 | |a SISTEMAS ELECTORALES | ||
| 650 | |a PODER LEGISLATIVO | ||
| 650 | |a PODER EJECUTIVO | ||
| 650 | |a GOBIERNO LOCAL | ||
| 773 | |g número1 (1994) | ||
| 999 | |c 21462 |d 21462 | ||
